000 00941cam a2200277 a 4500
001 2274
005 20231114130228.0
020 _a9780673805485
040 _aDLC
_cDLC
_dDLC
_beng
050 0 0 _aPZ8.3.R78
_bIaf 1990
082 0 0 _a782.42162/21/00268
_aE
_220
100 _aAnonymous
245 1 0 _aI know an old lady who swallowed a fly /
_cA Traditional Rhyme Illustrated by Slug Signorino
260 _aGlenview :
_bScottforesman,
_c1993
300 _a16 pages :
_billustrations
_c23 cm
505 _aF
520 _aA cumulative folk song in which the solution proves worse than the predicament when an old lady swallows a fly.
521 _a400
_bLexile estimate
521 _aF
_bRaz-Plus
650 0 _aFolk songs, English
_zEngland
_xTexts.
650 1 _aFolk songs
_zEngland.
650 1 _aNonsense verses.
700 1 _aSignorino, Slug
_eillustrator
906 _a7
_bcbc
_corignew
_d1
_eocip
_f19
_gy-gencatlg
942 _2ddc
_cBK
_n0
999 _c2274
_d2274